Funkcie personálneho marketingu a udržateľný rozvoj
Funkcie personálneho marketingu a ich chápanie manažmentmi podnikov v Slovenskej republike. Výsledky prieskumu - prehľad základných a podporných funkcií personálneho marketingu tak, ako ich vníma manažment podnikov v SR.
Na minha lista:
| Autor principal: | |
|---|---|
| Formato: | Capítulo de Livro |
| Idioma: | eslovaco |
| Assuntos: | |
| Tags: |
Sem tags, seja o primeiro a adicionar uma tag!
|
MARC
| LEADER | 00000naa$a2200000$$$4500 | ||
|---|---|---|---|
| 001 | 0193659 | ||
| 005 | 20240502083450.3 | ||
| 041 | 0 | |a slo | |
| 044 | |a CZ | ||
| 245 | 1 | 0 | |a Funkcie personálneho marketingu a udržateľný rozvoj |c Miroslava Szarková |
| 520 | |a Funkcie personálneho marketingu a ich chápanie manažmentmi podnikov v Slovenskej republike. Výsledky prieskumu - prehľad základných a podporných funkcií personálneho marketingu tak, ako ich vníma manažment podnikov v SR. | ||
| 610 | 2 | 0 | |a marketing personálny |
| 610 | 2 | 0 | |a miesta pracovné |
| 610 | 2 | 0 | |a trh práce |
| 610 | 2 | 0 | |a sily pracovné |
| 610 | 2 | 0 | |a zamestnanci |
| 610 | 2 | 0 | |a manažment personálny |
| 610 | 2 | 0 | |a prieskum |
| 610 | 2 | 0 | |a Slovensko |
| 100 | 1 | |a Szarková, Miroslava, 1951- | |